| 000 | 00461nam a2200181Ia 4500 | ||
|---|---|---|---|
| 001 | 21078 | ||
| 005 | 20260306172853.0 | ||
| 008 | 260306t2007||||xx |||||||||||||| ||spa|| | ||
| 041 | _aESP | ||
| 082 |
_a344 _bM63I |
||
| 100 |
_aMir Puig, Santiago _eAUT |
||
| 245 | 0 |
_aIntroducción a las bases del derecho penal: _bconceptos y métodos |
|
| 260 | _c2007 | ||
| 300 |
_a325 páginas : _c23 cm. |
||
| 650 | _aGEN | ||
| 654 | _aCDE | ||
| 942 |
_cLIB _dJUS _fJUS _2ddc _n |
||
| 999 |
_c21078 _d21078 |
||